Taco Hemingway - Szprycer - Statystyki

Ogólne statystyki
  • Ten quiz został rozwiązany 418 razy
  • Średni wynik to 6 z 9
Statystyki odpowiedzi
lp Odpowiedź % Poprawnych
1 Nostalgia
94%
3 Tlen
83%
5 Dele
81%
2 Chodź
80%
8 Karimata
76%
7 35
61%
4 Głupi byt
58%
9 Saldo 07
58%
6 I.S.W.T.
57%
Nie znaleziono quizów pasujących do podanych kryteriów
Rozkład punktacji
Procent ludzi z każdym wynikiem
Percentyl według liczby udzielonych odpowiedzi
Twoja historia wyników
Nie rozwiązałeś tego quizu